|
|
|
|
| LEADER |
02508nam a2200637 i 4500 |
| 001 |
nkc20193134231 |
| 003 |
CZ PrNK |
| 005 |
20191129094829.0 |
| 007 |
ta |
| 008 |
190923t20192019xr ab b 000 0 slo |
| 015 |
|
|
|a cnb003134231
|
| 020 |
|
|
|a 978-80-00-05489-6
|q (Albatros ;
|q vázáno)
|
| 035 |
|
|
|a (OCoLC)1130265098
|
| 040 |
|
|
|a BOA001
|b cze
|e rda
|
| 041 |
1 |
|
|a slo
|h cze
|
| 043 |
|
|
|a x------
|
| 072 |
|
7 |
|a 913
|x Regionální geografie
|2 Konspekt
|9 7
|
| 072 |
|
7 |
|a 0/9-053.2
|x Literatura pro děti a mládež (naučná)
|2 Konspekt
|9 26
|
| 080 |
|
|
|a 910.4
|2 MRF
|
| 080 |
|
|
|a 913(100)
|2 MRF
|
| 080 |
|
|
|a (100)
|2 MRF
|
| 080 |
|
|
|a (084.11)
|2 MRF
|
| 080 |
|
|
|a (0.053.2)
|2 MRF
|
| 100 |
1 |
|
|a Haraštová, Helena,
|d 1987-
|7 jx20111101007
|4 aut
|
| 245 |
1 |
0 |
|a Za dobrodružstvami sveta s cestovateľkou Lenkou /
|c napísala Helena Haraštová ; ilustroval Jakub Cenkl
|
| 250 |
|
|
|a Prvé vydanie
|
| 264 |
|
1 |
|a V Prahe :
|b Albatros,
|c [2019]
|
| 264 |
|
4 |
|c ©2019
|
| 300 |
|
|
|a 36 nečíslovaných rozkládacích stran :
|b barevné ilustrace, mapy ;
|c 24 x 27 cm +
|e 1 příručka pro cestovatele (18 nečíslovaných stran : barevné ilustrace ; 22 cm)
|
| 336 |
|
|
|a text
|b txt
|2 rdacontent
|
| 336 |
|
|
|a statický obraz
|b sti
|2 rdacontent
|
| 337 |
|
|
|a bez média
|b n
|2 rdamedia
|
| 338 |
|
|
|a svazek
|b nc
|2 rdacarrier
|
| 500 |
|
|
|a "Pre vydavateľstvo Albatros v Prahe v spoločnosti Albatros Media a.s. ... pripravilo nakladateľstvo B4U Publishing"--Tiráž
|
| 500 |
|
|
|a Název z obálky
|
| 500 |
|
|
|a Z češtiny přeložila Alena Naďová
|
| 500 |
|
|
|a Příloha uložena v papírové kapse na přídeští
|
| 521 |
8 |
|
|a Pro čtenáře od 6 let
|
| 650 |
0 |
7 |
|a cestování
|7 ph119114
|z země světa
|2 czenas
|
| 650 |
0 |
7 |
|a regionální geografie světa
|7 ph120523
|2 czenas
|
| 650 |
0 |
9 |
|a travelling
|z countries of the world
|2 eczenas
|
| 650 |
0 |
9 |
|a world geography
|2 eczenas
|
| 655 |
|
7 |
|a obrazové publikace
|7 fd132947
|2 czenas
|
| 655 |
|
7 |
|a publikace pro děti
|7 fd133156
|2 czenas
|
| 655 |
|
9 |
|a pictorial works
|2 eczenas
|
| 655 |
|
9 |
|a children's literature
|2 eczenas
|
| 700 |
1 |
|
|a Cenkl, Jakub,
|d 1982-
|7 mzk2016922731
|4 ill
|
| 700 |
1 |
|
|a Naďová, Alena
|7 ola20191054845
|4 trl
|
| 910 |
2 |
|
|a BOA001
|b 3-1438.162
|
| 928 |
9 |
|
|a Albatros Media - Albatros
|
| 928 |
9 |
|
|a Albatros Media - B4U Publishing
|
| 928 |
9 |
|
|a B4U Publishing
|
| 990 |
|
|
|a BK
|
| 995 |
|
|
|a 01
|
| 991 |
|
|
|b 201911
|c NOV
|
| 996 |
6 |
|
|b 2610803033
|c 3-1438.162
|l MZK
|r Sklad / do 1 hodiny
|n 0
|p p.v.
|w 001764782
|u 000010
|a 1
|e BOA001
|j MZK50
|s P
|